Pokemon Evolutions Test Gen 3 - Statistics

General Stats
  • This quiz has been taken 16 times
  • The average score is 8 of 10
Answer Stats
Original Pokemon Name Evolved Pokemon Name % Correct
Lairon Aggron
100%
Swablu Altaria
100%
Anorith Armaldo
100%
Combusken Blaziken
100%
Numel Camerupt
100%
Baltoy Claydol
100%
Torchic Combusken
100%
Lileep Cradily
100%
Corpish Crawdaunt
100%
Cascoon Dustox
100%
Loudred Exploud
100%
Vibrava Flygon
100%
Makuhita Hariyama
100%
Ralts Kirlia
100%
Electrike Manectric
100%
Azurill Marill
100%
Mudkip Marshtomp
100%
Beldum Metang
100%
Poochyena Mightyena
100%
Feebas Milotic
100%
Nincada Ninjask/Shedninja
100%
Wingull Pelipper
100%
Grovyle Sceptile
100%
Bagon Shelgon
100%
Vigoroth Slaking
100%
Gulpin Swalot
100%
Trapinch Vibrava
100%
Slakoth Vigoroth
100%
Wynaut Wobbuffet
100%
Sealeo Walrein
75%
Shuppet Bannete
0%
Silcoon Beautifly
0%
Shroomish Breloom
0%
Cacnea Cacturne
0%
Skitty Delcatty
0%
Duskull Dusclops
0%
Kirlia Gardevoir
0%
Snorunt Glalie
0%
Treecko Grovyle
0%
Spoink Grumpig
0%
Clamperl Huntail/Gorebyss
0%
Aron Lairon
0%
Zigzagoon Linoone
0%
Lotad Lombre
0%
Whismur Loudred
0%
Lombre Ludicolo
0%
Surskit Masquerain
0%
Meditite Medicham
0%
Metang Metagross
0%
Seedot Nuzleaf
0%
Shelgon Salamence
0%
Spheal Sealeo
0%
Carvanha Sharpedo
0%
Nuzleaf Shiftry
0%
Wurmple Silcoon/Cascoon
0%
Marshtomp Swampert
0%
Taillow Swellow
0%
Wailmer Wailord
0%
Barboach Whiscash
0%
No matching quizzes found
Score Distribution
Percent of People with Each Score
Percentile by Number Answered
Your Score History
You have not taken this quiz